Functions of the fantastic : selected essays from the Thirteenth International Conference on the Fantastic in the Arts

Saved in:
Bibliographic Details
Corporate Author: International Conference on the Fantastic in the Arts (13th : 1992)
Other Authors: Sanders, Joseph L. (Editor)
Format: Book
Language:English
Published: Westport, Conn. : Greenwood Press, 1995
Series:Contributions to the study of science fiction and fantasy ; ; 65
Subjects:
Tags: Add Tag
No Tags, Be the first to tag this record!

MARC

LEADER 00000nam a2200000 i 4500
001 1/63084
008 071115s1995 eng d
020 |a 0-313-29521-2 
035 |l 10092308 
040 |a GR-MY-UA  |b gre  |e aacr 
041 0 |a eng 
082 0 |a 700  |2 (22) 
110 2 |a International Conference on the Fantastic in the Arts (13th : 1992) 
245 1 0 |a Functions of the fantastic :  |b selected essays from the Thirteenth International Conference on the Fantastic in the Arts /  |c edited by Joe Sanders 
260 |a Westport, Conn. :   |b Greenwood Press,   |c 1995 
300 |a xii, 230 σ.;  |c 25 εκ. 
490 1 |a Contributions to the study of science fiction and fantasy  |v ; 65 
504 |a Περιλαμβάνει βιβλιογραφίες και ευρετήριο 
650 0 0 |a Fantasy literature  |x History and criticism. 
700 1 |a Sanders, Joseph L.  |4 edt 
830 0 |a Contributions to the study of science fiction and fantasy ;  |v ; 65 
852 |a INST  |b RHODES  |e 20071115  |h 700 INT  |p 005400025269  |q 005400025269  |t BK  |y 0 
901 |a BIBL4-2007-3 
909 |a Ρ  |b 140137 
922 |a 4ΕΛΗ  |b 200710  |c ΕΠΕΑΕΚ2/ΠΤΔΕ  |d ΕΛΕΥΘΕΡΟΥΔΑΚΗΣ 
970 |a ΜΙΣΣΟΣ  |b ΣΤΑΥΡΟΣ  |z 2007/11/15